Регионална библиотека "Любен Каравелов" - Русе

Шепот (Запис номер 105684)

MARC детайли
000 -Лидер
Контролно поле с фиксирана дължина 01238nam a2200325 c 4500
003 - Код на организацията, давaща контролен номер
Контролно поле BLK
005 - Дата и час на последна редакция
Контролно поле 20180422105657.0
008 - Елементи от данни с фиксирана дължина
fixed length control field 180409b bul|||||r ||||||| ||bul||
010 ## - Наследен системен номер
LC control number KNG00110920000
020 ## - Международен стандартен номер на книга ISBN
Международен стандартен номер на книга ISBN 954-701-155-3
-- издат.: Компас
040 ## - Източник на каталожния запис
Идентификатор на билиотеката - собственик на записа BLK
041 ## - Код за език
Код за езика на текст/звукозапис или на отделно заглавие Български
Код за езика КДБФ Български
080 ## - УДК
Текстов определител УДК Американска литература (на САЩ)
УДК код - определител по УДК 821.111(73)
УДК определител -31
УДК - код + определител 821.111(73)-31
100 1# - Редна дума - Автор
Автор Джаксън, Лиза
Авторска отговорност първи автор
R(LIN) 290740
139 ## - Редно поле
Редна дума Джаксън, Лиза
Авторски знак Дж - Д 49
245 10 - Сведения за заглавието
Заглавие Шепот
Подзаглавни данни Роман
Редно поле (дума) Лиза Джаксън; прев. Мария Борисова.
257 ## - Страна на издаване
Страна на създаване/издаване Съединени американски щати
260 ## - Област на издателските данни
-- Варна
Име на издателя, разпространителя и проч. Компас
Година на издаване 2003
Печатница В. Търново : Абагар
300 ## - Физическа характеристика
Страници 511 с.
Размери/Мащаб 20 см
380 ## - Жанр
Жанр Худож. лит.
490 1# - СЕРИИ (Колекции)
Име на серия Библиотека Избрани романи
500 ## - Общи забележки
Забележка Ориг. загл. Whispers / Lisa Jakson. -Прев. известна като Мария Борисова Цочева. - Офс. изд.
653 ## - Ключова дума – ненормативна
Ключова дума романи
700 1# - Други автори (авторска отговорност)
Лично име Борисова, Мария
Автороска отговорност (Описва отношението между автора и произведението) прев.
9 (RLIN) 363462
852 ## - Местоположение
Форматна сигнатура Цб 217959
856 4# - Електронен адрес и достъп
Електронен формат pdf - файл
Път до файла /url/
856 4# - Електронен адрес и достъп
Електронен формат pdf - файл
Път до файла /url/
942 ## - АРТИКУЛИ
Вид на библиотечния материал Книги
Скрит в OPAC Не
944 ## - СЪЗДАВАНЕ И РЕДАКЦИЯ на ЗАПИСА
Създаване/Редакция Създаване
Дата на регистрацията/редакция 09.02.2004
Служител, извършил регистрацията/редакцията Цветанка_Енчева
944 ## - СЪЗДАВАНЕ И РЕДАКЦИЯ на ЗАПИСА
Създаване/Редакция Редакция
Дата на регистрацията/редакция 14.01.2005
Служител, извършил регистрацията/редакцията
999 ## - СИСТЕМНИ КОНТРОЛНИ НОМЕРА
Koha biblionumber 105684
Koha biblioitemnumber 105684
Наличности
Код за отписване Код за изгубен артикул Код за повреда Коз за рестрикции Код за отдаване Артикулен № Име на библиотеката - собственик Име на библиотеката, в която се намира в момента Статус (Текущо местоположение) Дата на вписване в системата Местоположение - отдел Цена в лева Инвентарен номер Систематично азбучна сигнатура Баркод Номер на екземпляра Цена в евро Служебна бележка Служебен тип на артикула
  Не е изгубен Не е повреден без рестрикции ползва се в читалня 170594 Регионална библиотека "Любен Каравелов" Русе Регионална библиотека "Любен Каравелов" Русе Хранилище 2004-11-24 Хранилище 9.70 120000690437 Цб 217959 120000690437 1 4.96 Дост: Dp Вид: Д N: 8 Дата: 11.02.2004 Книги
Vip Innovations Ltd, Rousse, Bulgaria 2025